| 000 | 01751nam a22001937a 4500 | ||
|---|---|---|---|
| 005 | 20240814173948.0 | ||
| 008 | s1994 eng d | ||
| 040 | _aNALT | ||
| 041 | _aeng | ||
| 245 | 1 | 0 | _aThe changing constitution [3rd] |
| 260 | 3 |
_aOxford : _bClarendon Press, _c1994 |
|
| 300 |
_a470 p. ; _b 23 cm. |
||
| 505 | 0 | _aList of Contributors T-- able of Cases -- Table of Statutes -- PART 1. THE INTERNATIONAL DIMENSION -- 1. Britain and the European Community Vernon Bogdanor -- 2. European Human Rights and the British Constitution Lord Lester of Herne Hill QC -- PART II. TRADITIONAL DOCTRINE REVIEWED Jeffrey Jowell -- 3. The Rule of Law Today -- 4. The Sovereignty of Parliament-in Perpetuity? A. W. Bradley -- 5. Ministerial Responsibility Colin Turpin -- PART III. MODERN BRITISH GOVERNMENT: PRACTICE AND PROBLEMS -- 6. Revolution in Whitehall: The Next Steps and Beyond Gavin Drewry -- 7. The Control of Public Expenditure. John F. McEldowney -- 8. The Techniques of Government Terence Daintith -- 9. Regulation, Markets, and Legitimacy Tony Prosser -- 10. The Restructuring of Central-Local Government Relations Martin Loughlin -- 11. The Police: Independence and Accountability Geoffrey Marshall and Barry Loveday -- 12. Northern Ireland and the British Constitution Christopher McCrudden -- PART IV: CONCERNING CONSTITUTIONAL REFORM -- 13. Electoral Reform David Butler -- 14. Freedom of Information: The Constitutional Impact Rodney Austin -- 15. What is Happening to Relationships Between the Individual and the State? Dawn Oliver -- Index. | |
| 650 | 0 | 4 | _aGreat Britain -- Constitutions |
| 850 | _aNALT | ||
| 942 |
_cLB _2lcc |
||
| 999 |
_c20126 _d20126 |
||
| 998 |
_j25 _k นีลวัสน์ อินทรักษา |
||
| 090 | _aKD35.G7.1 C42 1994 | ||